000 00576nam a22002297a 4500
001 29002
003 UA-OsUOA
005 20210802105225.0
007 ta
008 20050520b un ||||| |||| 00| 0 ukr d
040 _aUA-OsUOA
_brus
_cUA-OsUOA
_dUA-OsUOA
041 _arus
044 _aRU
080 _a94(47+571)
090 _a94(47+571)
_bС60
245 _aИстория России с древнейших времен
_cред. Н. А. Иванов
260 _c1993
300 _a768 с.
650 7 _2UDC
_a94 Історія
942 _cBK
_2udc
955 _a2
999 _c315379
_d315379